| 000 | 01397cam a2200361ua 4500 | ||
|---|---|---|---|
| 001 | 4508685 | ||
| 003 | ARRUPE | ||
| 005 | 20160216083633.0 | ||
| 007 | he|amc048baca | ||
| 007 | he|bmc048baaa | ||
| 008 | 920710r19901908ilua b 001 0 eng d | ||
| 020 | _a0790570874 (microfiche) | ||
| 035 | _a(OCoLC)22986755 | ||
| 035 | _a(OCoLC)ocm22986755 | ||
| 035 | _a(NNC)4508685 | ||
| 040 |
_aATLA _cATLA |
||
| 043 |
_af-gu--- _afe----- |
||
| 050 | 4 |
_aDT425 _b.T8 |
|
| 090 | _b84-B1 ATLA fiche 1988-3087 | ||
| 100 | 1 |
_aTucker, Alfred Robert _d1849-1914. _921816 |
|
| 245 | 1 | 0 |
_aEighteen years in Uganda & East Africa _cby Alfred R. Tucker ; with illustrations from drawings by the author and a map. |
| 260 |
_aLondon : _bE. Arnold, _c1908. |
||
| 300 |
_a2 v. : _bill. (some col.), col. map ; _c23 cm. |
||
| 533 |
_aMicrofiche. _bEvanston : _cAmerican Theological Library Association, _d1990. _e3 microfiche. High reduction. Silver based film. _f(ATLA monograph preservation program ; ATLA fiche 1988-3087) |
||
| 610 | 2 | 0 |
_aChurch of England _xMissions. _99191 |
| 650 | 0 |
_aMissions _zAfrica, East. _921817 |
|
| 651 | 0 |
_aUganda _xDescription and travel. _99477 |
|
| 651 | 0 |
_aAfrica, East _xDescription and travel. _921818 |
|
| 740 | 0 | _aEighteen years in Uganda and East Africa. | |
| 830 | 0 |
_aATLA monograph preservation program ; _vATLA fiche 1988-3087. _921819 |
|
| 942 |
_2lcc _cSPC |
||
| 999 |
_c124041 _d124041 |
||